[Event "USCL Baltimore vs New York"]
[Site "Internet Chess Club"]
[Date "2010.09.22"]
[Round "5"]
[White "Enkhbat, Tegshsuren"]
[Black "Herman, Matt"]
[Result "1/2-1/2"]
[WhiteElo "2425"]
[BlackElo "2313"]
[PlyCount "74"]
[EventDate "2010.??.??"]

1. d4 d5 2. c4 c6 3. Nf3 Nf6 4. Qc2 dxc4 5. Qxc4 g6 6. Nc3 Bg7 7. e4 O-O 8. Be2
b5 9. Qb3 Qa5 10. Bd2 b4 11. Na4 Nxe4 12. Bxb4 Qc7 13. O-O Bg4 14. Rad1 Nd7 15.
Qc2 Nd6 16. h3 Bf5 17. Qc1 Qb7 18. Ba3 Rfd8 19. Rfe1 Rab8 20. b3 Be4 21. Ne5
Bd5 22. Bf1 Nf5 23. Nc5 Nxc5 24. Bxc5 a5 25. Qc3 Ra8 26. Nc4 Bxc4 27. bxc4 e6
28. Rd3 Rd7 29. Red1 a4 30. Qe1 Rad8 31. Qe4 Nd6 32. Bxd6 Rxd6 33. d5 cxd5 34.
cxd5 Rxd5 35. Rxd5 Rxd5 36. Qxa4 Rxd1 37. Qxd1 Qb4 1/2-1/2

[Event "USCL New Jersey vs Boston"]
[Site "Internet Chess Club"]
[Date "2010.09.22"]
[Round "5"]
[White "Perelshteyn, Eugene"]
[Black "Molner, Mackenzie"]
[Result "1-0"]
[WhiteElo "2568"]
[BlackElo "2548"]
[PlyCount "141"]
[EventDate "2010.??.??"]

1. Nf3 c5 2. g3 Nf6 3. Bg2 g6 4. O-O Bg7 5. d3 O-O 6. c3 d5 7. Qa4 Qd7 8. Qh4
Qg4 9. Qxg4 Bxg4 10. Be3 Nbd7 11. h3 Bxf3 12. Bxf3 b5 13. a4 Rab8 14. axb5 Rxb5
15. Bc1 a5 16. c4 dxc4 17. Na3 Rbb8 18. Nxc4 e6 19. Bf4 Rb3 20. Rxa5 Nd5 21.
Bd6 Rc8 22. Rfa1 Bf8 23. Ra8 Nb8 24. R1a7 Bxd6 25. Nxd6 Rf8 26. Rb7 Rxb7 27.
Nxb7 Nb6 28. Ra5 c4 29. Rb5 N8d7 30. dxc4 Nxc4 31. Na5 Nd6 32. Rb3 Ne5 33. Bg2
Nf5 34. f4 Nd7 35. Nc6 Nc5 36. Rb5 Nd7 37. Kf2 Nd6 38. Rb4 Nc5 39. Rd4 Nb5 40.
Rc4 Na6 41. e4 Kg7 42. Ke3 Nac7 43. Bf1 Ra8 44. Rc5 Nd6 45. Ra5 Rc8 46. b4 f5
47. Ra7 Kf8 48. Nd4 Ke8 49. Bd3 fxe4 50. Bxe4 Nd5+ 51. Bxd5 exd5 52. Kd3 Ne4
53. Ne6 Nxg3 54. Rxh7 Rc1 55. b5 Rb1 56. Kc2 Rb4 57. Kc3 Rb1 58. Kd4 Rd1+ 59.
Ke5 Re1+ 60. Kxd5 Rb1 61. Kc6 Nf5 62. b6 Ne7+ 63. Kc5 Kd7 64. Nf8+ Ke8 65. Ne6
Kd7 66. Nc7 Rc1+ 67. Kd4 Rd1+ 68. Ke5 Re1+ 69. Kf6 Re4 70. Rxe7+ Rxe7 71. b7
1-0

[Event "USCL San Francisco vs Los Angeles"]
[Site "Internet Chess Club"]
[Date "2010.09.22"]
[Round "5"]
[White "Wolff, Patrick"]
[Black "Kretchetov, Alexandre"]
[Result "1/2-1/2"]
[WhiteElo "2623"]
[BlackElo "2376"]
[PlyCount "65"]
[EventDate "2010.??.??"]

1. e4 e5 2. Nf3 Nc6 3. Bc4 Bc5 4. c3 Nf6 5. d3 a6 6. Nbd2 Ba7 7. O-O d6 8. Bb3
Ne7 9. Nh4 Bg4 10. Ndf3 h6 11. h3 Bd7 12. d4 exd4 13. e5 dxe5 14. Nxe5 Be6 15.
Bxe6 fxe6 16. Nhg6 Nxg6 17. Nxg6 Rg8 18. Qe2 Qd7 19. cxd4 O-O-O 20. Bf4 Nd5 21.
Be5 Qf7 22. Qc2 Bb6 23. Rac1 Kb8 24. a3 Qf5 25. Rfe1 Rd7 26. Qe4 Nf6 27. Qxf5
exf5 28. Nh4 Bxd4 29. Bxd4 Rxd4 30. Nxf5 Rd7 31. g4 Nd5 32. Rc4 Rf8 33. Rce4
1/2-1/2

[Event "USCL Miami vs Seattle"]
[Site "Internet Chess Club"]
[Date "2010.09.22"]
[Round "5"]
[White "Galofre, Charles"]
[Black "Milat, Marcel"]
[Result "1-0"]
[WhiteElo "2316"]
[BlackElo "2353"]
[PlyCount "67"]
[EventDate "2010.??.??"]

1. e4 e5 2. Nf3 Nc6 3. Nc3 Nf6 4. d4 Bb4 5. Nxe5 Nxe4 6. Qg4 Nxc3 7. Qxg7 Rf8
8. a3 Nxd4 9. axb4 Nxc2+ 10. Kd2 Nxa1 11. Kxc3 a5 12. Bg5 axb4+ 13. Kd3 f6 14.
Be2 Qe7 15. Bh5+ Kd8 16. Nf7+ Rxf7 17. Bxf7 Qd6+ 18. Ke2 fxg5 19. Qg8+ Ke7 20.
Rd1 Qa6+ 21. Kd2 Qf6 22. Re1+ Kd6 23. Qf8+ Kc6 24. Bd5+ Kxd5 25. Qxf6 Nb3+ 26.
Kc2 Nd4+ 27. Kd3 Ne6 28. Re5+ Kd6 29. Rxg5 Kc6 30. Qf3+ Kb6 31. Rg8 d6 32. g3
Nc5+ 33. Ke2 h5 34. Qxh5 1-0

[Event "USCL New Jersey vs Boston"]
[Site "Internet Chess Club"]
[Date "2010.09.22"]
[Round "5"]
[White "Rabin, Evan"]
[Black "Matlin, Anna"]
[Result "1/2-1/2"]
[WhiteElo "2227"]
[BlackElo "2078"]
[PlyCount "208"]
[EventDate "2010.??.??"]

1. d4 Nf6 2. Nf3 g6 3. Bf4 Bg7 4. e3 d5 5. c4 c5 6. Nc3 dxc4 7. Bxc4 Qa5 8. Qb3
O-O 9. Ng5 e6 10. O-O cxd4 11. exd4 Qf5 12. Be3 Nc6 13. Qb5 Qxb5 14. Bxb5 Bd7
15. h3 Ne7 16. Bc4 Bc6 17. Be2 Rfd8 18. Nf3 Nf5 19. Rfd1 Nd5 20. Bg5 Rdc8 21.
g4 Nd6 22. Rac1 h6 23. Bd2 Nxc3 24. bxc3 Bd5 25. Ne5 Nc4 26. Nxc4 Bxc4 27. Bxc4
Rxc4 28. Rb1 b6 29. Kf1 Rd8 30. Ke2 Rd5 31. Ra1 Ra4 32. Rdc1 b5 33. a3 Bf8 34.
Rcb1 Kg7 35. Rb3 a6 36. Kd3 Be7 37. f4 Kh7 38. Bc1 Bf6 39. Be3 Bg7 40. Rb4 Ra5
41. Rb3 Kg8 42. Rc1 Bf8 43. Ra1 h5 44. Bd2 Ra4 45. Bc1 Be7 46. Be3 Kf8 47. Bd2
Ke8 48. Bc1 Kd7 49. Bb2 Kc6 50. Re1 Bd6 51. Rf1 Rc4 52. Bc1 a5 53. Rf3 a4 54.
Rb1 Kb6 55. Rf2 Be7 56. Rf1 Rd8 57. Re1 Bf6 58. g5 Bg7 59. h4 Rdc8 60. Bd2 Rd8
61. Bc1 Rd5 62. Be3 Rc6 63. Rec1 Kc7 64. Rc2 Bf8 65. Bc1 Bd6 66. Re2 Kd7 67.
Rf2 Bc7 68. Rfb2 Rb6 69. Re2 Kc6 70. Rc2 Kb7 71. Rf2 Ka6 72. Re2 Rc6 73. Rf2
Ba5 74. Bb2 Rc8 75. Re1 Rcd8 76. Re5 Bc7 77. Re4 Rf5 78. Ke3 Kb6 79. Bc1 Bd6
80. Rc2 Rc8 81. Kd3 Rc6 82. Rce2 Ka5 83. Rc2 Rd5 84. Rce2 Ka6 85. Rc2 Bc7 86.
Rce2 Ba5 87. Bb2 Rd7 88. Rc2 Rdc7 89. Ree2 Rc8 90. Ba1 Rd8 91. Bb2 Rd5 92. Bc1
Bb6 93. Bb2 Ba7 94. Bc1 Bb8 95. Bd2 Rf5 96. Re4 Kb6 97. Be3 Kb7 98. Bc1 Kc7 99.
Rce2 Kd6 100. Rc2 Rc8 101. Rb2 Kc6 102. Rc2 Kd7 103. Rce2 Rf8 104. Rc2 Rc8
1/2-1/2

[Event "USCL Miami vs Seattle"]
[Site "Internet Chess Club"]
[Date "2010.09.22"]
[Round "5"]
[White "Lee, Michael"]
[Black "Gonzalez, Renier"]
[Result "1-0"]
[WhiteElo "2440"]
[BlackElo "2540"]
[PlyCount "95"]
[EventDate "2010.??.??"]

1. c4 g6 2. Nc3 Bg7 3. g3 d6 4. Bg2 c5 5. d3 Nc6 6. e4 e6 7. Nge2 Nge7 8. O-O
O-O 9. Rb1 b6 10. a3 Bb7 11. b4 Qd7 12. Be3 Nd4 13. Qd2 Rfe8 14. Bh6 Bh8 15.
Bg5 Nec6 16. b5 Nxe2+ 17. Nxe2 Nd4 18. Nxd4 Bxd4 19. Rfe1 a6 20. a4 axb5 21.
Rxb5 Rxa4 22. Rxb6 Rea8 23. Reb1 Ra1 24. Be3 Bg7 25. Bf1 Rxb1 26. Rxb1 h5 27.
f3 Bc6 28. d4 cxd4 29. Bxd4 Bxd4+ 30. Qxd4 e5 31. Qb6 f5 32. Bh3 Ra3 33. Rd1
Rxf3 34. c5 Bxe4 35. Rxd6 Qf7 36. Qd8+ Kg7 37. Rd7 Rd3 38. Rxf7+ Kxf7 39. Qc7+
Ke6 40. Bf1 Rd1 41. Qb6+ Ke7 42. Kf2 f4 43. c6 Rd2+ 44. Ke1 Rd6 45. Qa7+ Kf6
46. c7 Rc6 47. gxf4 exf4 48. Qd4+ 1-0

[Event "USCL San Francisco vs Los Angeles"]
[Site "Internet Chess Club"]
[Date "2010.09.22"]
[Round "5"]
[White "Naroditsky, Daniel"]
[Black "Casella, Michael"]
[Result "1-0"]
[WhiteElo "2453"]
[BlackElo "2329"]
[PlyCount "73"]
[EventDate "2010.??.??"]

1. e4 e5 2. Nf3 Nc6 3. Bb5 Nf6 4. d3 Bc5 5. c3 O-O 6. O-O d5 7. Qe2 Bg4 8. Bg5
dxe4 9. dxe4 h6 10. Bh4 g5 11. Bg3 Nh5 12. Nbd2 Qe7 13. Kh1 Rad8 14. h3 Nf4 15.
Bxf4 Bxf3 16. Nxf3 exf4 17. e5 Bb6 18. Rad1 Rxd1 19. Rxd1 Rd8 20. Rxd8+ Nxd8
21. Bd3 Ne6 22. Qe4 Nf8 23. Nd4 Bxd4 24. cxd4 c6 25. Bc4 Qb4 26. Bb3 Qd2 27.
Qf5 Ne6 28. Bxe6 fxe6 29. Qxe6+ Kg7 30. Qf6+ Kh7 31. e6 Qxf2 32. Qf5+ Kg7 33.
Qe5+ Kh7 34. e7 f3 35. Qf5+ Kg7 36. Qf8+ Kh7 37. Qf7+ 1-0

[Event "USCL San Francisco vs Los Angeles"]
[Site "Internet Chess Club"]
[Date "2010.09.22"]
[Round "5"]
[White "Yanayt, Eugene"]
[Black "Liou, Yian"]
[Result "1/2-1/2"]
[WhiteElo "2240"]
[BlackElo "2254"]
[PlyCount "108"]
[EventDate "2010.??.??"]

1. d4 d5 2. c4 c6 3. Nf3 Nf6 4. Qc2 dxc4 5. Qxc4 Bf5 6. g3 e6 7. Bg2 Be7 8. O-O
O-O 9. e3 Nbd7 10. Qe2 h6 11. Rd1 Rc8 12. Nc3 Ne4 13. Ne1 Ndf6 14. Nxe4 Nxe4
15. f3 Nf6 16. e4 Bh7 17. Be3 Qa5 18. Nd3 Nd7 19. a3 Rfd8 20. b4 Qc7 21. Qb2
Bf6 22. Rac1 Qb6 23. Qf2 Qa6 24. Bf1 b5 25. Ra1 Qb7 26. a4 Be7 27. axb5 cxb5
28. d5 exd5 29. Rxa7 Qc6 30. Rc1 Qd6 31. e5 Nxe5 32. Rxc8 Rxc8 33. Bc5 Qb8 34.
Rxe7 Nxd3 35. Bxd3 Bxd3 36. Qd4 Bg6 37. Qxd5 Rd8 38. Rd7 Rxd7 39. Qxd7 Qa8 40.
Kg2 Qa2+ 41. Bf2 Qc4 42. Qd4 Qc2 43. Qc5 Qe2 44. Qe3 Qc4 45. Qd4 Qb3 46. g4 Bd3
47. h4 Bc4 48. Qd6 Qb1 49. Bd4 Qf1+ 50. Kg3 Qe1+ 51. Bf2 Qh1 52. Bd4 Qe1+ 53.
Bf2 Qh1 54. Bd4 Qe1+ 1/2-1/2

[Event "USCL Miami vs Seattle"]
[Site "Internet Chess Club"]
[Date "2010.09.22"]
[Round "5"]
[White "Sinanan, Joshua"]
[Black "Perez, Robert"]
[Result "1-0"]
[WhiteElo "2267"]
[BlackElo "2175"]
[PlyCount "145"]
[EventDate "2010.??.??"]

1. d4 Nf6 2. c4 e6 3. g3 Bb4+ 4. Bd2 Qe7 5. Bg2 O-O 6. Nf3 Bxd2+ 7. Qxd2 d6 8.
Nc3 e5 9. O-O Re8 10. e4 Bg4 11. d5 Bxf3 12. Bxf3 a5 13. a3 Na6 14. Rab1 g6 15.
b4 Nd7 16. Rfc1 f5 17. Nb5 Rf8 18. c5 fxe4 19. Bxe4 Nf6 20. Bg2 axb4 21. axb4
Kg7 22. h3 Rf7 23. Qe3 Raf8 24. Rc2 Qd7 25. Nc3 h5 26. Ra2 h4 27. g4 Nxg4 28.
hxg4 Qxg4 29. Qh3 Qc4 30. cxd6 cxd6 31. Re2 Nxb4 32. Re4 Qc5 33. Qe3 Qxe3 34.
fxe3 Nd3 35. Rxh4 Nc5 36. Rb6 Ra8 37. Rxd6 Ra1+ 38. Kh2 Rc1 39. Ne4 Nxe4 40.
Rxe4 Rf6 41. Rd7+ Kh6 42. Kg3 b5 43. Rxe5 b4 44. Re6 Rf5 45. Re4 b3 46. Rb7 Rc3
47. d6 Rg5+ 48. Kf3 Rd5 49. Rh4+ Kg5 50. Rg4+ Kf6 51. Rf4+ Ke6 52. Bh3+ Kxd6
53. Rf6+ Kc5 54. Rc7+ Kb4 55. Rb6+ Ka5 56. Rxc3 Kxb6 57. Rxb3+ Kc7 58. e4 Ra5
59. Rd3 Ra4 60. Be6 Ra6 61. Bc4 Rc6 62. Bd5 Rf6+ 63. Kg4 Kd6 64. Rf3 Rxf3 65.
Kxf3 Ke5 66. Kg4 Kf6 67. Kf4 g5+ 68. Kg4 Kg6 69. e5 Kg7 70. Kxg5 Kf8 71. Kf6
Ke8 72. e6 Kf8 73. e7+ 1-0

[Event "USCL New York vs Miami"]
[Site "Internet Chess Club"]
[Date "2010.09.27"]
[Round "6"]
[White "Herman, Matt"]
[Black "Martinez, Marcel"]
[Result "0-1"]
[WhiteElo "2313"]
[BlackElo "2475"]
[PlyCount "52"]
[EventDate "2010.??.??"]

1. e4 c5 2. Nf3 d6 3. d4 cxd4 4. Nxd4 Nf6 5. Nc3 Nc6 6. Bc4 Na5 7. Be2 g6 8. f4
Bg7 9. e5 Nd7 10. e6 Nf6 11. Bb5+ Kf8 12. f5 a6 13. Be2 Nc6 14. g4 Qb6 15. Nxc6
bxc6 16. g5 Nd5 17. f6 exf6 18. Rf1 f5 19. Bf4 Bxe6 20. Bxd6+ Kg8 21. Na4 Qa5+
22. c3 Ne3 23. b4 Nxd1 24. bxa5 Nxc3 25. Nb6 Re8 26. Rc1 Bc4 0-1

[Event "USCL New York vs Miami"]
[Site "Internet Chess Club"]
[Date "2010.09.27"]
[Round "6"]
[White "Rosenthal, Nicholas"]
[Black "Ostrovskiy, Aleksandr"]
[Result "0-1"]
[WhiteElo "2047"]
[BlackElo "2289"]
[PlyCount "68"]
[EventDate "2010.??.??"]

1. e4 c6 2. Nf3 d5 3. exd5 cxd5 4. Ne5 Nd7 5. Bb5 Ngf6 6. O-O g6 7. d4 Bg7 8.
Re1 O-O 9. Nc3 Nb6 10. Qf3 Bf5 11. Bd3 Bxd3 12. Qxd3 Rc8 13. Bg5 Ne4 14. Nxe4
dxe4 15. Qxe4 f6 16. Qxb7 Qc7 17. Qxc7 Rxc7 18. Nf3 fxg5 19. c3 h6 20. Re6 Rf6
21. Re2 Na4 22. Rae1 Rb6 23. Rxe7 Rxe7 24. Rxe7 Rxb2 25. h3 Nxc3 26. Rxa7 Rxa2
27. Rd7 Ne2+ 28. Kh2 Nf4 29. h4 Rxf2 30. hxg5 Rxg2+ 31. Kh1 hxg5 32. d5 Rg3 33.
Nd2 Rh3+ 34. Kg1 Bd4+ 0-1

[Event "USCL Dallas vs Carolina"]
[Site "Internet Chess Club"]
[Date "2010.09.27"]
[Round "6"]
[White "Simpson, Ron"]
[Black "Sadorra, Julio"]
[Result "0-1"]
[WhiteElo "2330"]
[BlackElo "2471"]
[PlyCount "86"]
[EventDate "2010.??.??"]

1. c4 e6 2. g3 d5 3. Bg2 Nf6 4. Nf3 c5 5. d4 Be7 6. O-O O-O 7. Qc2 Nc6 8. Rd1
Nb4 9. Qb3 dxc4 10. Qxc4 b5 11. Qxb5 Nc2 12. Nc3 Nxa1 13. dxc5 Qc7 14. b4 a5
15. Bf4 Qa7 16. Nd4 Bd7 17. c6 Bc8 18. c7 Bd7 19. Bc6 axb4 20. Na4 Qxa4 21.
Qxa4 Rxa4 22. Bxd7 Nxd7 23. Nc6 Bf6 24. Rxd7 Rxa2 25. Bd6 Re8 26. Bxb4 Rc2 27.
Be7 Bxe7 28. Rd8 Bxd8 29. c8=Q Rf8 30. Qd7 Bf6 31. e4 Bc3 32. Qd6 Ra8 33. Qd7
Rf8 34. Qd6 g6 35. Qd3 Ra8 36. e5 Be1 37. Ne7+ Kf8 38. Qf3 Bxf2+ 39. Kf1 Rb8
40. Qf6 Rb1+ 41. Kg2 Bg1+ 42. Kh3 Rxh2+ 43. Kg4 h5+ 0-1

[Event "USCL Dallas vs Carolina"]
[Site "Internet Chess Club"]
[Date "2010.09.27"]
[Round "6"]
[White "Kiewra, Keaton"]
[Black "Jones, Craig"]
[Result "1-0"]
[WhiteElo "2361"]
[BlackElo "2286"]
[PlyCount "87"]
[EventDate "2010.??.??"]

1. e4 e6 2. d4 d5 3. Nd2 Nf6 4. e5 Nfd7 5. c3 c5 6. Bd3 Nc6 7. Ngf3 cxd4 8.
cxd4 Be7 9. O-O a5 10. Qe2 g5 11. Bb5 g4 12. Ne1 Nxd4 13. Bxd7+ Bxd7 14. Qxg4
Nf5 15. a4 h5 16. Qd1 Bc6 17. Nd3 h4 18. h3 Rg8 19. Nf3 Qb6 20. Kh2 O-O-O 21.
Bf4 Rg7 22. Rg1 Rdg8 23. Bd2 Nd4 24. Nxd4 Qxd4 25. Bxa5 Bg5 26. Bc3 Bf4+ 27.
Kh1 Qe4 28. f3 Qf5 29. Nxf4 Qxf4 30. Qd4 Qf5 31. Kh2 Qc2 32. Bd2 Qc4 33. Be3
Qe2 34. Bf2 f6 35. exf6 e5 36. Qxh4 Rf7 37. b4 e4 38. b5 Bd7 39. Bg3 exf3 40.
Rac1+ Kd8 41. Qf4 Bxh3 42. Qd6+ Ke8 43. Qb8+ Kd7 44. Qxg8 1-0

[Event "USCL New York vs Miami"]
[Site "Internet Chess Club"]
[Date "2010.09.27"]
[Round "6"]
[White "Lenderman, Alex"]
[Black "Becerra, Julio"]
[Result "0-1"]
[WhiteElo "2608"]
[BlackElo "2628"]
[PlyCount "116"]
[EventDate "2010.??.??"]

1. d4 g6 2. e4 Bg7 3. Nc3 c6 4. Nf3 d5 5. h3 dxe4 6. Nxe4 Na6 7. c3 Nc7 8. Bd3
Nf6 9. Nxf6+ exf6 10. O-O O-O 11. Bf4 a5 12. Re1 a4 13. a3 Nd5 14. Bh2 b5 15.
Qd2 Ra7 16. Re2 Re8 17. Rae1 Rae7 18. Rxe7 Rxe7 19. Be4 Be6 20. Re2 f5 21. Bb1
f6 22. h4 Nb6 23. Qe1 Kf7 24. Bf4 Bf8 25. Bc1 Bd5 26. Rxe7+ Bxe7 27. Qd1 Bd6
28. Ne1 Bc4 29. h5 Qe8 30. Nd3 Nd5 31. Bc2 Qe6 32. Bd2 Kg7 33. Bb1 g5 34. Nc5
Bxc5 35. dxc5 Kh6 36. Qc2 Ne7 37. Be3 Ba2 38. Bxa2 Qxa2 39. f4 g4 40. Qd3 Qd5
41. Bd4 Qe6 42. Bf2 Nd5 43. c4 bxc4 44. Qxc4 Qe4 45. Qd4 Kxh5 46. g3 Kg6 47.
Qd2 h5 48. Qa5 Ne3 49. Bxe3 Qxe3+ 50. Kh1 Qf3+ 51. Kh2 Qf2+ 52. Kh1 Qf1+ 53.
Kh2 Qh3+ 54. Kg1 Qxg3+ 55. Kh1 Qf3+ 56. Kg1 Qe3+ 57. Kh1 g3 58. Qc3 Qf2 0-1

[Event "USCL Dallas vs Carolina"]
[Site "Internet Chess Club"]
[Date "2010.09.27"]
[Round "6"]
[White "Bapat, Udayan"]
[Black "Lopez, Nelson"]
[Result "1-0"]
[WhiteElo "2214"]
[BlackElo "2229"]
[PlyCount "75"]
[EventDate "2010.??.??"]

1. e4 e6 2. d4 d5 3. exd5 exd5 4. Nf3 Bd6 5. c4 dxc4 6. Bxc4 Nf6 7. O-O O-O 8.
Bg5 Bf5 9. Qb3 Nbd7 10. Qxb7 Rb8 11. Qxa7 Be4 12. Qa5 Bxf3 13. gxf3 h6 14. Bh4
g5 15. Bg3 Nb6 16. Bb3 Qd7 17. Nc3 Nh5 18. Ne4 Qh3 19. Qc3 Kh7 20. Rfe1 Rg8 21.
Qd3 f5 22. Bxg8+ Rxg8 23. Nxd6 cxd6 24. Re7+ Ng7 25. d5 Kh8 26. Bxd6 g4 27.
Rxg7 Rxg7 28. Be5 gxf3+ 29. Bxg7+ Kxg7 30. Qf1 Qg4+ 31. Kh1 Kf7 32. Rd1 h5 33.
d6 Nd7 34. b3 Ke8 35. Qe1+ Kd8 36. Qe7+ Kc8 37. Rc1+ Kb8 38. Qd8+ 1-0

[Event "USCL Dallas vs Carolina"]
[Site "Internet Chess Club"]
[Date "2010.09.27"]
[Round "6"]
[White "Bercys, Salvijus"]
[Black "Schroer, Jonathan"]
[Result "1-0"]
[WhiteElo "2467"]
[BlackElo "2437"]
[PlyCount "111"]
[EventDate "2010.??.??"]

1. d4 Nf6 2. Nf3 e6 3. c4 b6 4. g3 Ba6 5. b3 Bb4+ 6. Bd2 Be7 7. Bg2 c6 8. O-O
d5 9. Qc2 O-O 10. Bf4 Nbd7 11. Rd1 Ne4 12. Nbd2 g5 13. Be3 f5 14. cxd5 cxd5 15.
Qc6 f4 16. Qxe6+ Kg7 17. Nxe4 fxe3 18. Nc3 exf2+ 19. Kxf2 Nf6 20. Kg1 Bc8 21.
Qe3 Ng4 22. Qd2 Bb4 23. a3 Bxc3 24. Qxc3 Ba6 25. h3 Nf6 26. Nxg5 Qe7 27. e4 h6
28. Qb4 Qd7 29. e5 hxg5 30. exf6+ Rxf6 31. Re1 Re8 32. Rxe8 Qxe8 33. Re1 Re6
34. Rxe6 Qxe6 35. Qd2 Kf6 36. h4 gxh4 37. Qh6+ Kf7 38. Qxe6+ Kxe6 39. gxh4 Be2
40. Kf2 Bd1 41. Bh3+ Kf6 42. b4 a5 43. Kg3 axb4 44. axb4 Bh5 45. Kf4 Bg6 46.
Bg2 Bf7 47. Bf3 Be6 48. h5 Bf7 49. h6 Bg8 50. Bh5 Bh7 51. Bd1 Be4 52. Bf3 Bc2
53. Bxd5 Kg6 54. Be4+ Bxe4 55. Kxe4 Kxh6 56. Kd5 1-0

[Event "USCL Los Angeles vs Manhattan"]
[Site "Internet Chess Club"]
[Date "2010.09.27"]
[Round "6"]
[White "Vovsha, Eli"]
[Black "Kretchetov, Alexandre"]
[Result "0-1"]
[WhiteElo "2539"]
[BlackElo "2376"]
[PlyCount "62"]
[EventDate "2010.??.??"]

1. d4 Nf6 2. Nc3 d5 3. Bg5 Nbd7 4. e3 c6 5. Qf3 Qa5 6. Bxf6 Nxf6 7. Bd3 e5 8.
dxe5 Ba3 9. exf6 Bxb2 10. fxg7 Bxc3+ 11. Kf1 Bxg7 12. Rd1 Be6 13. Qg3 Bf6 14.
Qf4 Be7 15. Nf3 O-O-O 16. Nd4 Bd6 17. Qf6 Qc3 18. Bf5 Rhe8 19. Qxf7 Bxf5 20.
Qxf5+ Kb8 21. Qxh7 Re4 22. Rb1 Bc7 23. h4 Rf8 24. Rh3 Qc4+ 25. Kg1 Qxa2 26.
Nxc6+ Kc8 27. Nxa7+ Qxa7 28. Qg7 Ree8 29. Ra1 Qb6 30. h5 Kb8 31. h6 Be5 0-1

[Event "USCL Los Angeles vs Manhattan"]
[Site "Internet Chess Club"]
[Date "2010.09.27"]
[Round "6"]
[White "Smith, Shaun"]
[Black "Gupta, Ankit"]
[Result "0-1"]
[WhiteElo "2008"]
[BlackElo "2290"]
[PlyCount "78"]
[EventDate "2010.??.??"]

1. c4 e5 2. g3 Nc6 3. Bg2 g6 4. Nc3 Bg7 5. e3 Nge7 6. Nge2 O-O 7. O-O d6 8. d4
Bg4 9. d5 Na5 10. b3 e4 11. Bb2 f5 12. Qd2 Bxe2 13. Nxe2 Bxb2 14. Qxb2 c6 15.
Nf4 Qb6 16. Ne6 Rf7 17. Qd2 Re8 18. Rac1 c5 19. f3 exf3 20. Bxf3 Qb4 21. Qb2 b5
22. Nc7 Rc8 23. Na6 Nxc4 24. Qe2 Qa5 25. bxc4 b4 26. Nxb4 cxb4 27. g4 Qc5 28.
Kh1 Rcf8 29. e4 fxg4 30. Bxg4 Rf2 31. Qd3 h5 32. Be6+ Kg7 33. Rxf2 Qxf2 34. c5
dxc5 35. d6 Nc6 36. Bd5 Ne5 37. Qh3 Ng4 38. Qg3 Qd2 39. Rg1 Nf2+ 0-1

[Event "USCL Philadelphia vs Chicago"]
[Site "Internet Chess Club"]
[Date "2010.09.27"]
[Round "6"]
[White "Young, Angelo"]
[Black "Bartell, Tom"]
[Result "1/2-1/2"]
[WhiteElo "2415"]
[BlackElo "2429"]
[PlyCount "128"]
[EventDate "2010.??.??"]

1. d4 Nf6 2. Nf3 e6 3. g3 b6 4. Bg2 Bb7 5. O-O Be7 6. Nbd2 O-O 7. Re1 d5 8. b3
c5 9. Bb2 Nbd7 10. c4 dxc4 11. Nxc4 b5 12. Nce5 Nxe5 13. Nxe5 Bxg2 14. Kxg2
Qd5+ 15. f3 Rfd8 16. Qc2 Rac8 17. Rac1 Qb7 18. dxc5 Bxc5 19. Qb1 Be3 20. Rxc8
Qxc8 21. Rd1 Nd5 22. Ng4 Qc5 23. Qe4 h5 24. Qe5 Qf8 25. Qxh5 Nf4+ 26. gxf4 Rxd1
27. Nxe3 Rd2 28. Qe5 Rxe2+ 29. Kf1 Rxh2 30. Ng4 Rd2 31. Bd4 f6 32. Qxe6+ Qf7
33. Qc8+ Kh7 34. Qf5+ Qg6 35. Qxg6+ Kxg6 36. Bxa7 Rxa2 37. Bc5 Kf5 38. Bd6 Rd2
39. Ne3+ Ke6 40. Bc5 f5 41. b4 g6 42. Ke1 Rh2 43. Kf1 Rd2 44. Ng2 Rb2 45. Nh4
Kf7 46. Kg1 Ra2 47. Kh1 Rb2 48. Kg1 Ra2 49. Ng2 Ke6 50. Kh2 Kd5 51. Kg3 Kc4 52.
Ne3+ Kd3 53. Nd5 Ra3 54. Kh4 Ke2 55. Kg5 Kxf3 56. Nf6 Ra2 57. Kxg6 Kxf4 58.
Bd6+ Ke3 59. Kxf5 Kd4 60. Bc5+ Kc4 61. Ne4 Ra4 62. Nd6+ Kb3 63. Nxb5 Rxb4 64.
Bxb4 Kxb4 1/2-1/2

[Event "USCL Philadelphia vs Chicago"]
[Site "Internet Chess Club"]
[Date "2010.09.27"]
[Round "6"]
[White "Panchanathan, Magesh"]
[Black "Gurevich, Dmitry"]
[Result "1/2-1/2"]
[WhiteElo "2535"]
[BlackElo "2481"]
[PlyCount "146"]
[EventDate "2010.??.??"]

1. Nf3 Nf6 2. g3 d5 3. Bg2 c6 4. O-O Bf5 5. d3 e6 6. Nbd2 h6 7. Qe1 Be7 8. e4
Bh7 9. Qe2 O-O 10. b3 a5 11. Bb2 a4 12. a3 axb3 13. cxb3 Nbd7 14. Rfc1 Nc5 15.
Ne5 Nfd7 16. Nxd7 Qxd7 17. b4 Na4 18. Nb3 Nxb2 19. Qxb2 Rfd8 20. Qc3 dxe4 21.
dxe4 Bg5 22. f4 Bf6 23. e5 Be7 24. Nc5 Bxc5+ 25. bxc5 Ra4 26. Bf3 Be4 27. Rd1
Bd5 28. Rd2 Qc7 29. Rb1 Rda8 30. Bxd5 cxd5 31. Rdb2 Rxa3 32. Qc1 R3a7 33. Rb6
Rc8 34. R1b5 Rca8 35. Kg2 Qd7 36. Kh3 d4 37. Rb4 Qd5 38. Rd6 Qf3 39. Rbxd4 Ra1
40. Rd8+ Kh7 41. Qc2+ g6 42. Rxa8 Rxa8 43. Qd1 Qxd1 44. Rxd1 Rc8 45. Rd7 Kg7
46. Rxb7 Rxc5 47. Rb2 g5 48. Rb8 Kg6 49. Rg8+ Kf5 50. fxg5 hxg5 51. Rg7 Rc7 52.
Rg8 Rc2 53. g4+ Kf4 54. Rg7 Rc7 55. Rh7 Kxe5 56. Kg3 Rc3+ 57. Kg2 Rc2+ 58. Kg3
f6 59. Rf7 Rc3+ 60. Kg2 f5 61. gxf5 exf5 62. Re7+ Kf4 63. Re2 g4 64. Rb2 Rd3
65. Rb5 Rd2+ 66. Kg1 Re2 67. Ra5 Ke4 68. Rb5 f4 69. Rb3 Rd2 70. Ra3 f3 71. Ra8
Kd3 72. Rd8+ Ke2 73. Rxd2+ Kxd2 1/2-1/2

[Event "USCL Philadelphia vs Chicago"]
[Site "Internet Chess Club"]
[Date "2010.09.27"]
[Round "6"]
[White "Shankar, Gauri"]
[Black "Costigan, Richard"]
[Result "1/2-1/2"]
[WhiteElo "2304"]
[BlackElo "2288"]
[PlyCount "231"]
[EventDate "2010.??.??"]

1. e4 e5 2. Nf3 Nc6 3. d4 exd4 4. Nxd4 Nf6 5. Nc3 Bb4 6. Nxc6 bxc6 7. Bd3 O-O
8. O-O d5 9. exd5 cxd5 10. Bg5 c6 11. Qf3 h6 12. Bxf6 Qxf6 13. Qxf6 gxf6 14.
Ne2 Rb8 15. Nd4 Bd7 16. Bf5 Be8 17. Rfd1 Bd6 18. Nb3 Be5 19. Rab1 Rb4 20. g3 a5
21. c3 Rb8 22. Nxa5 Ra8 23. Nb3 Rxa2 24. Nc5 Ra5 25. b4 Ra3 26. Ra1 Rxc3 27. f4
Bd6 28. Re1 Rc4 29. Ra8 Rxb4 30. Na6 Rb6 31. Rexe8 Rxe8 32. Rxe8+ Kg7 33. Rd8
c5 34. Rxd6 Rxd6 35. Nxc5 Rb6 36. Nd3 Kf8 37. g4 Ke7 38. Kf2 Kd6 39. Ke3 Rb1
40. h4 Ra1 41. h5 Ra3 42. Bh7 Ra8 43. Ne1 Re8+ 44. Kd2 Kc5 45. Nf3 Ra8 46. Bc2
Ra3 47. Nh4 Rh3 48. Nf5 d4 49. Bd1 Kd5 50. Nxh6 Ke4 51. Nxf7 Rh2+ 52. Be2 d3
53. Nd6+ Kd4 54. Nf5+ Ke4 55. Nd6+ Kd4 56. Nb5+ Ke4 57. Nc3+ Kd4 58. g5 fxg5
59. fxg5 dxe2 60. Nxe2+ Ke5 61. Ke3 Rh3+ 62. Kf2 Rxh5 63. Ng1 Kf4 64. Ne2+ Kg4
65. g6 Rg5 66. Ke3 Rxg6 67. Nd4 Rg8 68. Ke4 Ra8 69. Ke5 Ra1 70. Ke4 Re1+ 71.
Kd5 Kf4 72. Ne6+ Ke3 73. Ke5 Ra1 74. Kd5 Ra4 75. Nc5 Rd4+ 76. Ke5 Rh4 77. Ne6
Rh5+ 78. Kd6 Ke4 79. Nc5+ Kd4 80. Ne6+ Kc4 81. Nf4 Ra5 82. Ke6 Kd4 83. Ne2+ Ke3
84. Ng3 Kf4 85. Ne2+ Kf3 86. Nc3 Ra3 87. Nb5 Ra1 88. Nc3 Ke3 89. Nb5 Ra5 90.
Nd6 Kf4 91. Nf7 Ra1 92. Nd6 Ra6 93. Kd5 Ra2 94. Nc4 Rh2 95. Kd4 Rh8 96. Kd5 Rh1
97. Nb2 Rh5+ 98. Kd4 Rh8 99. Nc4 Rd8+ 100. Kc5 Rd1 101. Nb2 Rd7 102. Nc4 Ke4
103. Nd6+ Kf4 104. Kc6 Rh7 105. Kd5 Rh6 106. Nc4 Rh5+ 107. Kd4 Rh8 108. Kd5 Re8
109. Nd6 Re5+ 110. Kd4 Re1 111. Kd5 Rd1+ 112. Ke6 Rd2 113. Nc4 Ra2 114. Kd5 Ra1
115. Nd6 Rd1+ 116. Ke6 1/2-1/2